000 00467nam a2200193Ia 4500
005 20250423100238.0
008 250422s9999 xx 000 0 und d
020 _a978-81-203-2881-5
050 _aJC 330 .D34/ 
100 _aDahl, A. Robert
245 0 _aModern political analysis
250 _a6th ed.
260 _aNew Delhi
260 _bPHI Learning Private Limited
260 _c2010
300 _a172 p
650 _aPolitical Science
942 _cBK
999 _c32722
_d32722